<?xml version="1.0" encoding="UTF-8"?><?xml-stylesheet type="text/xsl" href="static/style.xsl"?><OAI-PMH xmlns="http://www.openarchives.org/OAI/2.0/" xmlns:xsi="http://www.w3.org/2001/XMLSchema-instance" xsi:schemaLocation="http://www.openarchives.org/OAI/2.0/ http://www.openarchives.org/OAI/2.0/OAI-PMH.xsd"><responseDate>2026-04-18T00:13:21Z</responseDate><request verb="GetRecord" identifier="oai:www.recercat.cat:10256/16722" metadataPrefix="marc">https://recercat.cat/oai/request</request><GetRecord><record><header><identifier>oai:recercat.cat:10256/16722</identifier><datestamp>2024-06-14T09:54:05Z</datestamp><setSpec>com_2072_452955</setSpec><setSpec>com_2072_2054</setSpec><setSpec>col_2072_453066</setSpec><setSpec>col_2072_453082</setSpec></header><metadata><record xmlns="http://www.loc.gov/MARC21/slim" xmlns:dcterms="http://purl.org/dc/terms/" xmlns:xsi="http://www.w3.org/2001/XMLSchema-instance" xmlns:doc="http://www.lyncode.com/xoai" xsi:schemaLocation="http://www.loc.gov/MARC21/slim http://www.loc.gov/standards/marcxml/schema/MARC21slim.xsd">
   <leader>00925njm 22002777a 4500</leader>
   <datafield ind2=" " ind1=" " tag="042">
      <subfield code="a">dc</subfield>
   </datafield>
   <datafield ind2=" " ind1=" " tag="720">
      <subfield code="a">Silva, William Cléber Domingues</subfield>
      <subfield code="e">author</subfield>
   </datafield>
   <datafield ind2=" " ind1=" " tag="720">
      <subfield code="a">Mundet i Cerdan, Lluís</subfield>
      <subfield code="e">author</subfield>
   </datafield>
   <datafield ind2=" " ind1=" " tag="260">
      <subfield code="c">2014</subfield>
   </datafield>
   <datafield ind2=" " ind1=" " tag="520">
      <subfield code="a">The aim of this paper is to discuss and analyze the preparation process of Rio de Janeiro as the host-city of mega sporting events during this decade. The process complexity and the amount of public and private money that will be invested in these mega events justify this discussion. A literature review was made by searching in official documents, scholarly articles, journals etc. The results suggest that the challenges which Brazil society will face during the preparation for the mega sporting events are very significant. However, if the long term strategy were accomplished for the 2016 Olympic and Paralympic games the city of Rio de Janeiro as the Projects showed, Brazil and Rio de Janeiro can have positives and durable benefits and then achieve prominence in the competitive international events market</subfield>
   </datafield>
   <datafield ind2=" " ind1=" " tag="520">
      <subfield code="a">Esse trabalho tem por objetivo discutir e analisar o processo de preparação&#xd;
da cidade do Rio de Janeiro para a realização dos megaeventos esportivos que nela&#xd;
ocorrerão durante essa década. Leva-se em conta que tal discussão se torna plenamente&#xd;
justificável devido à complexidade desse processo e aos consideráveis recursos públicos&#xd;
e privados direcionados à execução desses megaeventos. A metodologia utilizada para a&#xd;
elaboração deste texto foi apoiada em revisão bibliográfica tendo sido consultados&#xd;
documentos oficiais, trabalhos acadêmicos, reportagens de jornais, dentre outros. Os&#xd;
resultados encontrados sugerem que os desafios a serem enfrentados pela sociedade&#xd;
brasileira durante a preparação para os megaeventos esportivos são bastante&#xd;
expressivos. No entanto, acredita-se que se for efetivada uma visão de longo prazo&#xd;
projetada mais particularmente no Dossiê de Candidatura dos Jogos Olímpicos e&#xd;
Paraolímpicos de 2016, acredita-se que o Brasil e a cidade do Rio de Janeiro poderão&#xd;
colher benefícios duradouros e com isso alcançar destaque no competitivo mercado&#xd;
internacional de eventos</subfield>
   </datafield>
   <datafield ind1="8" ind2=" " tag="024">
      <subfield code="a">http://hdl.handle.net/10256/16722</subfield>
   </datafield>
   <datafield tag="653" ind2=" " ind1=" ">
      <subfield code="a">Jocs olímpics</subfield>
   </datafield>
   <datafield tag="653" ind2=" " ind1=" ">
      <subfield code="a">Esdeveniments especials -- Organització</subfield>
   </datafield>
   <datafield tag="653" ind2=" " ind1=" ">
      <subfield code="a">Olympics</subfield>
   </datafield>
   <datafield tag="653" ind2=" " ind1=" ">
      <subfield code="a">Special events management</subfield>
   </datafield>
   <datafield tag="653" ind2=" " ind1=" ">
      <subfield code="a">Jocs Olímpics (31ns : 2016 : Rio de Janeiro)</subfield>
   </datafield>
   <datafield ind2="0" ind1="0" tag="245">
      <subfield code="a">Rio 2016: Os preparativos e desafios da cidade olímpica = Rio 2016: The preparations and challenges of the olympic city</subfield>
   </datafield>
</record></metadata></record></GetRecord></OAI-PMH>